01261nam a22002417aa450000500170000000800410001702000180005805000220007610000250009824001010012324501840022425000180040826000310042630000180045750000470047550502290052265000640075165000720081565000450088770000310093270000260096370000300098920231102151853.0150929t20112012mx |||| |||| 00| 0 spa d a978607311140904aRM316bK8418 20121 aKuhn, Cynthiaeautor aBuzzed: the staring facts about the most used and abused drugs from alcohol to extasylespañol10aDrogasb: lo que hay que saber sobre las más consumidas desde alcohol y el tabaco hasta el éxtasisc/ Cynthia Kuhn, Scottt Swartzwelder, Wilkie Wilson ; traductor Clorinda Rea a2a. edición3 aMéxicob: Debatec, 2012 a439 páginas aIncluye: índice analítico (pp.419-439) aAlcohol Cafeína Éxtasis Alucinógenos Drogas botánicas Inhaladores Marihuana Nicotina Drogas opiáceas Sedantes Esteroides Estimulantes Principios básicos del cerebro Conceptos básicos sobre las drogas Adicción14aDESORDENES RELACIONADOS CON SUSTANCIAvOBRAS DE DIVULGACION24aSISTEMA NERVIOSOvOBRAS DE DIVULGACIONxEFECTOS DE LAS DROGAS SOBRE34aABUSO DE DROGASvOBRAS DE DIVULGACIÓN  aSwartzwelder, Scotteautor aWilson, Wilkieeautor1 aRea, Colorindaetraductor